| Tag |
First Indicator |
Second Indicator |
Subfields |
| LEADER |
00000nam a2200000Ia 4500 |
| 001 |
in00004309021 |
| 005 |
20200810091612.0 |
| 006 |
m g d |
| 007 |
cr bn |||a|bb| |
| 008 |
941025s1641 enk o 00| | eng d |
| 035 |
|
|
|a (OCoLC)31355553
|
| 040 |
|
|
|a EAH
|c EAH
|d WaOLN
|
| 037 |
|
|
|a CL0037000065
|b ProQuest Information and Learning. 300 N. Zeeb Rd., Ann Arbor, MI 48106
|
| 043 |
|
|
|a e-uk-en
|
| 045 |
0 |
|
|b d1641
|
| 090 |
|
|
|a HV6665.G7
|b N48 1641
|
| 049 |
|
|
|a EAHA
|
| 245 |
0 |
0 |
|a Newes from the north, or, A Relation of a great robberie which was committed nere Swanton in Yorkshire, July 12, 1641 :
|b wherein is discoursed how one Master Tailour was robbed by a company of troupers, one Knowles, a dancer, being the chief ringleader : by reason of his avarice in denying to lend the King one hundred pounds at his necessity, he lost fourteen thousand pounds, and the parties have procured pardon.
|
| 260 |
|
|
|a London :
|b [publisher not identified],
|c printed 1641.
|
| 300 |
|
|
|a 1 online resource ([2], 6 pages)
|
| 336 |
|
|
|a text
|b txt
|2 rdacontent
|
| 337 |
|
|
|a computer
|b c
|2 rdamedia
|
| 338 |
|
|
|a online resource
|b cr
|2 rdacarrier
|
| 500 |
|
|
|a Imperfect: print show-through.
|
| 500 |
|
|
|a Reproduction of original in the Christ Church Library, University of Oxford.
|
| 510 |
4 |
|
|a Wing (2nd edition)
|c N1012A
|
| 533 |
|
|
|a Electronic reproduction.
|b Ann Arbor, Mich. :
|c UMI,
|d 1999-
|f (Early English books online)
|n Digital version of: (Early English books, 1641-1700 ; 1748:26)
|7 s1999 miun s
|
| 650 |
|
0 |
|a Robbery
|z England
|z Yorkshire.
|
| 650 |
|
0 |
|a Brigands and robbers
|z England
|z Yorkshire.
|
| 651 |
|
0 |
|a Yorkshire (England)
|x History
|y 17th century.
|
| 740 |
0 |
|
|a Nevves from the north.
|
| 740 |
0 |
|
|a Relation of a great robberie which was committed nere Swanton in Yorkshire, July 12, 1641.
|
| 830 |
|
0 |
|a Early English books online.
|
| 856 |
4 |
0 |
|u http://proxy.library.tamu.edu/login?url=https://search.proquest.com/docview/2264183545
|z Connect to the full text of this electronic book
|t 0
|
| 999 |
f |
f |
|s 4683da72-6ee9-304d-90a2-93229039a458
|i 0b848efa-e472-3cff-bff2-ea85860d23ca
|t 0
|
| 952 |
f |
f |
|a Texas A&M University
|b College Station
|c Electronic Resources
|d Available Online
|t 0
|e HV6665.G7 N48 1641
|h Library of Congress classification
|
| 998 |
f |
f |
|a HV6665.G7 N48 1641
|t 0
|l Available Online
|